Introduction to mathematical statistics (Record no. 280741)
[ view plain ]
| 000 -LEADER | |
|---|---|
| fixed length control field | 00498nam a2200181Ia 4500 |
| 005 - DATE AND TIME OF LATEST TRANSACTION | |
| control field | 20241029171359.0 |
| 008 - FIXED-LENGTH DATA ELEMENTS--GENERAL INFORMATION | |
| fixed length control field | 240126s9999 xx 000 0 und d |
| 020 ## - INTERNATIONAL STANDARD BOOK NUMBER | |
| International Standard Book Number | 9789332519114 |
| 082 ## - DEWEY DECIMAL CLASSIFICATION NUMBER | |
| Classification number | 519.5 HOG;1 R |
| 100 ## - MAIN ENTRY--PERSONAL NAME | |
| Personal name | Hogg, Robert V. Mckean, Joeseph. Craig, Allen T. |
| 245 #0 - TITLE STATEMENT | |
| Title | Introduction to mathematical statistics |
| 250 ## - EDITION STATEMENT | |
| Edition statement | 7th ed. |
| 260 ## - PUBLICATION, DISTRIBUTION, ETC. (IMPRINT) | |
| Name of publisher, distributor, etc. | Pearson Education |
| Place of publication, distribution, etc. | South Asia |
| Date of publication, distribution, etc. | 2012 |
| 300 ## - PHYSICAL DESCRIPTION | |
| Extent | 650 |
| 440 ## - SERIES STATEMENT/ADDED ENTRY--TITLE | |
| Title | NULL |
| 650 ## - SUBJECT ADDED ENTRY--TOPICAL TERM | |
| Topical term or geographic name as entry element | mathematical,statistics |
| 942 ## - ADDED ENTRY ELEMENTS (KOHA) | |
| Koha item type | PESU Books |
| Date last seen | Total Checkouts | Full call number | Accession number | Old discount | Volume/Issue Number | Date checked out | Cost, replacement price | Price effective from | Category | Lost status | Damaged status | Department | Withdrawn status | bill no. | Permanent Location | Current Location | Shelving location | Entry date | Vendor | Cost, normal purchase price | Grants | Currency symbol | Conversion rate | Discount | Discount type |
|---|---|---|---|---|---|---|---|---|---|---|---|---|---|---|---|---|---|---|---|---|---|---|---|---|---|
| 26/01/2024 | 519.5 HOG;2 R1 | PU6730 | 30 | (04/07/1905) | 650.30 | 26/01/2024 | PESU Books | Central Library | 1044 | Central Library | Central Library | Central Library | 06/03/2017 | Surya Book Supplier | 929.00 | CDS | RS | 1 | 278.7 | Rupees | |||||
| 28/09/2024 | 1 | 519.5 HOG;1 R | PU6729 | 30 | (04/07/1905) | 28/09/2024 | 650.30 | 26/01/2024 | PESU Books | Central Library | 1044 | Central Library | RFID Kiosk | Central Library | 06/03/2017 | Surya Book Supplier | 929.00 | CDS | RS | 1 | 278.7 | Rupees |
